00711nam a22001577a 4500008004100000040005500041080002000096245016600116260003900282300001500321490002700336650001600363942001200379999001700391952014500408230622b |||||||| |||| 00| 0 eng d aNational Science LibrarycNational Science Library a627.11(063)bK3 aWater resources development in Asia and the far eastc/ Proceedings of the fifth regional conference on water.............................20 to 26 November, 1962 aNew York: bUnited Nations, c1963 avii, 208p. aWater resources series aProceedings 2udccPR c46370d46370 00102udc40662711063_K370970417aNSLbNSLcGF/Rk-13/C-16/R-6d2004-07-22l0o627.11(063) K3p191354r2023-06-22 00:00:00w2004-07-22yPR